The Evolution of an Ethnic Identity: (Record no. 5967)
[ view plain ]
| 000 -LEADER | |
|---|---|
| fixed length control field | 00531nam a22001937a 4500 |
| 005 - DATE AND TIME OF LATEST TRANSACTION | |
| control field | 20250129033102.0 |
| 008 - FIXED-LENGTH DATA ELEMENTS--GENERAL INFORMATION | |
| fixed length control field | 250129b |||||||| |||| 00| 0 eng d |
| 020 ## - INTERNATIONAL STANDARD BOOK NUMBER | |
| ISBN | 0646425463 |
| 082 ## - DDC Classification | |
| DDC Edition Number | 6793 |
| Class No. | 304.8 |
| Item Number - Author Mark | IND |
| 100 ## - MAIN ENTRY--PERSONAL NAME | |
| Personal name | Indrapala, K |
| 245 ## - TITLE STATEMENT | |
| Title | The Evolution of an Ethnic Identity: |
| Remainder of title | The Tamils in Sri Lanka: c. 300 BCE to c. 1200 CE |
| 260 ## - PUBLICATION, DISTRIBUTION, ETC. | |
| Place of publication, distribution, etc. | Sydney |
| Name of publisher, distributor, etc. | MV Publications |
| Date of publication, distribution, etc. | 2005 |
| 300 ## - PHYSICAL DESCRIPTION | |
| Extent (e.g. Volumes, Pages etc.) | xiv, 400 p., (C II) |
| 650 ## - SUBJECT ADDED ENTRY--TOPICAL TERM | |
| Topical term or geographic name entry element | Ethnicity |
| 650 ## - SUBJECT ADDED ENTRY--TOPICAL TERM | |
| Topical term or geographic name entry element | Civilization |
| 650 ## - SUBJECT ADDED ENTRY--TOPICAL TERM | |
| Topical term or geographic name entry element | History |
| 650 ## - SUBJECT ADDED ENTRY--TOPICAL TERM | |
| Topical term or geographic name entry element | Culture |
| 942 ## - Koha item type (Biblio) | |
| Koha item type | Books in Stacks (Lending) |
| Lost status | Damaged status | Collection code | Home library | Current library | Date acquired | Full call number | Accession Number | Item type |
|---|---|---|---|---|---|---|---|---|
| Lending | WERC Library | WERC Library | 01/29/2025 | 304.8 IND | 6793 | Books in Stacks (Lending) |
